000 00446nam a2200145Ia 4500
020 _a313255423
082 _a368.4300973 SOC
100 _aEdrward D.Berkowitz (Editor)
_94785
245 _aSocial security after fifty:successes and failures.
260 _aNew York:
_bGreenwood press
_c1987
300 _aviii, 168p.; 22 cm
500 _aIncludes bibliographical reference and index
650 _aSocial security-united states
_94786
942 _cBK
999 _c7901
_d7901